000 01307nam a2200325 i 4500
003 EG-GICUC
005 20260121101733.0
008 260118s1977 ua ||||fr|||| 00| 0 ara d
040 _a EG-GICUC
_bara
_c EG-GICUC
_d EG-GICUC
_erda
041 1 _aara
082 0 4 _221
_a345.24
_b ت ق
092 0 4 _221
099 _a Law1 07 345.24 ت ق 1977
245 0 2 _aالتقرير العام للندوة الدولية لتنظيم و إدارة هيئات التخطيط للتنمية /
_cتعريب محمد عبد السميع علي
264 1 _aالقاهرة:
_bالمنظمة العربية للعلوم الإدارية ،
_c1977.
300 _a51؛صفحة
_c24 سم
336 _2rda content
_atext
337 _2rda media
_aComputer
338 _2rda carrier
_aOnline Resource
490 _aسلسة الفكر الإداري المعاصر
_v8
504 _aيشتمل على إرجاعات ببليوجرافية.
546 _aالنص باللغة العربية
650 1 _aالقانون الإداري
_2qrmak
650 1 _aالهيئات المعاونة في التنظيم الإداري
651 1 _2qrmak
700 _aكمال نور الله
_eمراجع.
856 4 0 _uhttps://fll.law.cu.edu.eg/fulltext/bks/B07-00210.pdf
905 _a74
942 _2ddc
_n0
_cBK
_e21
999 _c57381
_d57381